• 首页
  • 本馆介绍
  • 公告通知
  • 最新文献
  • 馆藏检索
  • 电子资源
  • 读者导购
  • 参考咨询
  • 我的图书馆
  • 登录
  • 详细信息显示
  • 放入我的书架
  • 预约/预借图书
  • 作者相关作品
  • 分类相关作品
  • 丛书相关作品
  • 出版社相关作品

书目信息

  • 表格格式
  • 工作单格式
  • 卡片格式
题名:
五四群英
    
 
作者: 姚维斗 , 黄真 主编
分册:  
出版信息: 石家庄   河北人民出版社  1981
页数: 255页
开本: 21cm
丛书名:
单 册:
中图分类: K261.1
科图分类:
主题词: 中国--历史
电子资源:
ISBN:
000 00643nam0 2200241 45
001 0181002825
005 20060925145102.59
010    @dCNY0.77
091    @a11086.19
100    @a19950306d1981 em y0chiy0121 ea
101 0  @achi
102    @aCN@b130000
105    @ay z 000yc
200 10 @a五四群英@Awu si qun ying@f姚维斗,黄真主编@FYao Wei Dou,Huang Zhen Zhu Bian
210    @a石家庄@c河北人民出版社@d1981
215    @a255页@d21cm
606 0  @a中国@x历史
690    @aK261.1@v3
701  0 @a姚维斗@4主编
701  0 @a黄真@4主编
801  0 @aCN@b上海图书馆@c20060925
801  2 @aCN@bNLC@c20060912
905    @dK261.1@e21@f1@b66924
    
    五四群英/姚维斗,黄真主编.-石家庄:河北人民出版社,1981
    255页;21cm
    
    
    ISBN :CNY0.77
    
●
相关链接 在E读中查询图书 在五车中查询图书 在当当中查询图书 在豆瓣中查询图书


正题名:五四群英     索取号:K261.1/21         预约/预借

序号 登录号 条形码 馆藏地/架位号 状态 备注
1 0047749   202263567   密集书库/ [索取号:K261.1/21] 在馆    
2 0047750   001409201   密集书库/ [索取号:K261.1/21] 在馆    
3 0047751   202083967   第二样本阅览室/ [索取号:K261.1/21] 在馆    
4 0066924   001968473   密集书库/ [索取号:K261.1/21] 在馆    
5 0422768   204227684   密集书库/ [索取号:K261.1/21] 在馆    
6 0436313   204363134   密集书库/ [索取号:K261.1/21] 在馆    
7 0436964   204369646   密集书库/ [索取号:K261.1/21] 在馆    
8 0462828   204628288   密集书库/ [索取号:K261.1/21] 在馆    
9 0474953   204749530   密集书库/ [索取号:K261.1/21] 在馆    
10 0475017   204750171   密集书库/ [索取号:K261.1/21] 在馆    
唐山师范学院图书馆 欢迎您!
大连网信软件有限公司© 版权所有